| 000 -LEADER |
| fixed length control field |
00633nam a22002177a 4500 |
| 005 - DATE AND TIME OF LATEST TRANSACTION |
| control field |
20250508141628.0 |
| 008 - FIXED-LENGTH DATA ELEMENTS--GENERAL INFORMATION |
| fixed length control field |
250508b ||||| |||| 00| 0 eng d |
| 020 ## - INTERNATIONAL STANDARD BOOK NUMBER |
| International Standard Book Number |
9780385618717 |
| 040 ## - CATALOGING SOURCE |
| Transcribing agency |
SSBUL |
| 041 ## - LANGUAGE CODE |
| Language code of text/sound track or separate title |
English |
| 082 ## - DEWEY DECIMAL CLASSIFICATION NUMBER |
| Edition number |
23 |
| Classification number |
823 At |
| Item number |
25418 S-RH |
| 100 1# - MAIN ENTRY--PERSONAL NAME |
| Personal name |
Atkinson, Kate. |
| 9 (RLIN) |
59548 |
| 245 12 - TITLE STATEMENT |
| Title |
A God in Ruins / |
| Statement of responsibility, etc. |
Kate. Aktinson. |
| 260 ## - PUBLICATION, DISTRIBUTION, ETC. |
| Place of publication, distribution, etc. |
London: |
| Name of publisher, distributor, etc. |
Doubleday, |
| Date of publication, distribution, etc. |
2015. |
| 300 ## - PHYSICAL DESCRIPTION |
| Extent |
394 pages; |
| Dimensions |
24 cm. |
| 500 ## - GENERAL NOTE |
| General note |
S-RH: Mr. Ron Halsey Collection |
| 650 ## - SUBJECT ADDED ENTRY--TOPICAL TERM |
| Topical term or geographic name entry element |
English fiction |
|
| Topical term or geographic name entry element |
Veterans fiction |
| 9 (RLIN) |
59558 |
| 651 ## - SUBJECT ADDED ENTRY--GEOGRAPHIC NAME |
| Geographic name |
Great Britain |
| Form subdivision |
History |
| General subdivision |
Fiction |
| Chronological subdivision |
20th century |
| 9 (RLIN) |
59559 |
| 942 ## - ADDED ENTRY ELEMENTS (KOHA) |
| Source of classification or shelving scheme |
|
| Koha item type |
Book (Short term) |